Football : Équipe de France coupe du Monde 2006 - Statistiques

Statistiques générales
  • Ce quiz a été pris 155 fois
  • Le résultat moyen est 15 sur 23
Statistiques - réponses
Club Poste Joueur % Correct
Real Madrid Milieu offensif Zidane
98%
OM Gardien Barthez
97%
Arsenal Ailier Henry
91%
OM Ailier Ribéry
91%
OL Gardien Coupet
84%
Juventus Attaquant de pointe Trézéguet
82%
Bayern Munich Latéral droit Sagnol
76%
Juventus Latéral droit Thuram
76%
Chelsea Milieu défensif Makélélé
74%
OL Ailier Malouda
72%
Juventus Milieu défensif Vieira
70%
Chelsea Défenseur central Gallas
69%
Nantes Gardien Landreau
69%
OL Latéral gauche Abidal
63%
OL Ailier Govou
59%
OL Ailier Wiltord
59%
Lens Milieu défensif Diarra
49%
Manchester United Défenseur central Silvestre
40%
Manchester United Attaquant de pointe Saha
39%
Wigan Athletic Latéral droit Chimbonda
35%
Newcastle Défenseur central Boumsong
34%
PSG Milieu Dhorasoo
32%
AS Monaco Défenseur central Givet
31%
Aucun quiz correspondant
Distribution des résultats
% des personnes avec chaque résultat
Percentile par nombre de réponses
Votre historique - résultats
Vous n’avez pas pris ce quiz